Analýza možností nakladania s veľmi nízkorádioaktívnymi odpadmi z procesu vyraďovania jadrových zariadení z prevádzky
Na minha lista:
| Autor principal: | |
|---|---|
| Outros Autores: | |
| Formato: | Manuscrito Livro |
| Idioma: | eslovaco |
| Publicado em: |
Bratislava :
STU v Bratislave FEI,
2011
|
| Assuntos: | |
| Acesso em linha: | VAIS |
| Tags: |
Sem tags, seja o primeiro a adicionar uma tag!
|
MARC
| LEADER | 00000ntm a22000003a 4500 | ||
|---|---|---|---|
| 001 | stu230687 | ||
| 005 | 20150617230138.1 | ||
| 008 | 110709s2011----xo------------------slo-d | ||
| 040 | |a STU |b slo | ||
| 041 | 0 | |a slo | |
| 044 | |a xo | ||
| 100 | 1 | |a Sládek, Matúš, |d 1989- |4 aut |u E |T FEI Fakulta elektrotechniky a informatiky |X 56420 |U E |Y 30 |7 A000056420 | |
| 242 | 0 | 0 | |a Analysis of options of management with very low level waste from process of decommissioning nuclear facilities from operation |y eng |
| 245 | 1 | |a Analýza možností nakladania s veľmi nízkorádioaktívnymi odpadmi z procesu vyraďovania jadrových zariadení z prevádzky | |
| 260 | |a Bratislava : |b STU v Bratislave FEI, |c 2011 | ||
| 300 | |a 63 s | ||
| 650 | 7 | |a elektrotechnika |2 stusub | |
| 650 | 7 | |a Electrical Engineering |2 estusub | |
| 650 | 7 | |a rádioaktívne odpady |2 stusub | |
| 650 | 7 | |a jadrové zariadenia |2 stusub | |
| 700 | 1 | |a Zachar, Matej, |d 1983- |4 ths |u E160 |U FEI Fakulta elektrotechniky a informatiky |T FEI Katedra jadrovej fyziky a techniky |X 26976 |U E160 |Y 63 |7 A000026976 | |
| 856 | 4 | |a info a plný text |u http://is.stuba.sk/zp/portal_zp.pl?podrobnosti=68805 |3 VAIS | |
| 996 | |b 284ER00549 |c E*Bc-549 |l EE36 |s P |a 0 |w stu230687_0001 | ||